[Event "46th Capablanca Memorial Open A"]
[Site "Havana CUB"]
[Date "2010.05.18"]
[Round "7.2"]
[White "Arenas, David"]
[Black "Bacallao Alonso, Yusnel"]
[Result "1/2-1/2"]
[WhiteTitle "IM"]
[BlackTitle "IM"]
[WhiteElo "2427"]
[BlackElo "2530"]
[WhiteFideId "4403177"]
[BlackFideId "3507416"]
[EventDate "2011.05.11"]

1. e4 c5 2. Nf3 d6 3. d4 cxd4 4. Nxd4 Nf6 5. Nc3 a6 6. Be2 e5 7. Nb3 Be7 8. O-O
O-O 9. Kh1 Be6 10. f4 exf4 11. Bxf4 Nc6 12. Qe1 Nd7 13. Rd1 Nde5 14. Qg3 Re8 15.
Nd5 Bh4 16. Qc3 Ng6 17. Be3 Bxd5 18. exd5 Nb4 19. Bg4 Nxa2 20. Qd2 Nb4 21. c3
Nxd5 22. Qxd5 Rxe3 23. Rxf7 Kh8 24. Nd4 Qe8 25. Qxb7 Rb8 26. Qa7 Ra8 27. Qb7 Bf6
28. Ne6 Qb8 29. Rxg7 Qxb7 30. Rxb7 Re8 31. Rb6 Nf4 32. g3 Nxe6 33. Rdxd6 Nc7 34.
Rxf6 Nd5 35. Rxa6 Nxf6 36. Rxf6 R3e4 37. Bf3 Re1+ 38. Kg2 Rd8 39. Rb6 Rb1 40.
Kh3 Rd2 41. b4 Rbb2 42. Kg4 Rb3 43. Rb8+ Kg7 44. Rb7+ Kf6 45. Rc7 Rxh2 46. Bd5
Rbb2 47. Rc5 Rbf2 48. Be4 h5+ 49. Rxh5 Rxh5 50. Kxh5 Re2 51. Bc6 Re3 52. Kg4
Rxc3 53. b5 Rc4+ 1/2-1/2

[Event "46th Capablanca Memorial Open A"]
[Site "Havana CUB"]
[Date "2010.05.18"]
[Round "7.3"]
[White "Quesada Vera, Liordis"]
[Black "Luther, Thomas"]
[Result "1/2-1/2"]
[WhiteTitle "FM"]
[BlackTitle "GM"]
[WhiteElo "2438"]
[BlackElo "2525"]
[WhiteFideId "3507009"]
[BlackFideId "4611420"]
[EventDate "2011.05.11"]

1. d4 e6 2. Nf3 d5 3. g3 Nf6 4. Bg2 b5 5. O-O Bb7 6. Ne5 Nbd7 7. c4 bxc4 8. Nxc4
c6 9. Ne5 c5 10. Nd2 cxd4 11. Ndf3 Bd6 12. Bf4 Nxe5 13. Bxe5 O-O 14. Qxd4 Ne4
15. Rfc1 f6 16. Bxd6 Qxd6 17. Nd2 Nxd2 18. Qxd2 Rac8 19. e4 Rcd8 20. exd5 Qb6
21. Rc3 Bxd5 22. Qe2 Bxg2 23. Kxg2 Qb7+ 24. Kg1 e5 25. Rac1 Rf7 26. Rc6 Rfd7 27.
Qc4+ Kh8 28. Rc8 h6 29. Rxd8+ Rxd8 30. b4 Qf3 31. Qc2 e4 32. Re1 f5 33. a4 h5
34. Qc1 Rd3 35. b5 Kh7 36. a5 h4 37. Qg5 Rd1 38. Qxh4+ Kg6 39. Rxd1 Qxd1+ 40.
Kg2 Qf3+ 41. Kg1 e3 42. fxe3 Qxe3+ 43. Kg2 Qe2+ 44. Kg1 Qe1+ 45. Kg2 Qe2+ 1/2-1/2

[Event "46th Capablanca Memorial Open A"]
[Site "Havana CUB"]
[Date "2010.05.18"]
[Round "7.5"]
[White "Ortega Amarelle, Mariano"]
[Black "Borges Mateos, Juan"]
[Result "1/2-1/2"]
[WhiteTitle "FM"]
[BlackTitle "GM"]
[WhiteElo "2417"]
[BlackElo "2451"]
[WhiteFideId "3504301"]
[BlackFideId "3500160"]
[EventDate "2011.05.11"]

1. d4 Nf6 2. c4 e6 3. Nf3 b6 4. g3 Bb7 5. Bg2 Be7 6. O-O O-O 7. Nc3 Ne4 8. Nxe4
Bxe4 9. Ne1 Bxg2 10. Nxg2 d6 11. e4 Nd7 1/2-1/2

[Event "46th Capablanca Memorial Open A"]
[Site "Havana CUB"]
[Date "2010.05.18"]
[Round "7.7"]
[White "Alarcon Casellas, Rolando"]
[Black "Nogueiras Santiago, Jesus"]
[Result "1-0"]
[WhiteTitle "FM"]
[BlackTitle "GM"]
[WhiteElo "2448"]
[BlackElo "2565"]
[WhiteFideId "3507610"]
[BlackFideId "3500020"]
[EventDate "2011.05.11"]

1. e4 Nf6 2. Nc3 d5 3. e5 Ne4 4. Nce2 d4 5. Nf3 Nc6 6. c3 dxc3 7. bxc3 g5 8. d4
f6 9. d5 g4 10. Nh4 Nxe5 11. Qa4+ c6 12. Qxe4 Qxd5 13. Qxd5 cxd5 14. Nf4 e6 15.
Rb1 b6 16. h3 gxh3 17. Rxh3 Nf7 18. Bb5+ Kd8 19. Re3 Ne5 20. Nf3 Bd6 21. Nxe5
fxe5 22. Ne2 Rb8 23. Rg3 Rb7 24. Bg5+ Kc7 25. Ba6 Rb8 26. Bxc8 Rbxc8 27. Be3 Kb8
28. Rg7 Rc6 29. Kd2 h5 30. Rh1 Rc4 31. Rg6 Ra4 32. Ra1 Re8 33. Rh6 b5 34. Rxh5
b4 35. cxb4 d4 36. Bh6 Ra3 37. Ke1 Rc8 38. Bd2 Rc2 39. Ng3 d3 40. Ne4 Bxb4 1-0

[Event "46th Capablanca Memorial Open A"]
[Site "Havana CUB"]
[Date "2010.05.18"]
[Round "7.8"]
[White "Otero Acosta, Diasmany"]
[Black "Abreu Delgado, Aryam"]
[Result "1-0"]
[WhiteTitle "IM"]
[BlackTitle "GM"]
[WhiteElo "2440"]
[BlackElo "2485"]
[WhiteFideId "3503186"]
[BlackFideId "3502589"]
[EventDate "2011.05.11"]

1. d4 Nf6 2. c4 g6 3. Nc3 d5 4. Bf4 Bg7 5. e3 c6 6. Nf3 O-O 7. h3 Be6 8. Ng5 Bf5
9. g4 Bc8 10. Be2 b6 11. h4 dxc4 12. h5 b5 13. Qc2 h6 14. Nxf7 Rxf7 15. hxg6 Rf8
16. Bxh6 Bxh6 17. Rxh6 Kg7 18. g5 Ne8 19. Qe4 Qd7 20. Bg4 1-0

[Event "46th Capablanca Memorial Open A"]
[Site "Havana CUB"]
[Date "2010.05.18"]
[Round "7.9"]
[White "Delgado Ramos, Hector"]
[Black "Martinez Duanny, Lelys Stanley"]
[Result "1/2-1/2"]
[WhiteTitle "FM"]
[BlackTitle "GM"]
[WhiteElo "2480"]
[BlackElo "2452"]
[WhiteFideId "3504824"]
[BlackFideId "3504727"]
[EventDate "2011.05.11"]

1. e4 c5 2. Nf3 Nc6 3. d4 cxd4 4. Nxd4 g6 5. c4 Bg7 6. Be3 Nf6 7. Nc3 O-O 8. Be2
d6 9. O-O Bd7 10. Qd2 Nxd4 11. Bxd4 Bc6 12. Bd3 a5 13. Rfe1 a4 14. b4 axb3 15.
axb3 Rxa1 16. Rxa1 e5 17. Be3 Ng4 18. Ba7 Bh6 19. Qe2 Qg5 20. h3 Nf6 21. Be3 Qh4
22. b4 Bf4 23. Ra7 Qg5 1/2-1/2

[Event "46th Capablanca Memorial Open A"]
[Site "Havana CUB"]
[Date "2010.05.18"]
[Round "7.11"]
[White "De La Paz Perdomo, Frank"]
[Black "Garcia Pantoja, Roberto"]
[Result "1/2-1/2"]
[WhiteTitle "GM"]
[BlackTitle "FM"]
[WhiteElo "2452"]
[BlackElo "2411"]
[WhiteFideId "3501833"]
[BlackFideId "3509265"]
[EventDate "2011.05.11"]

1. e4 e6 2. d4 d5 3. Nd2 Nf6 4. e5 Nfd7 5. c3 c5 6. Bd3 Nc6 7. Ne2 cxd4 8. cxd4
f6 9. exf6 Nxf6 10. Nf3 Qc7 11. O-O Bd6 12. Bg5 O-O 13. Ng3 h6 14. Bd2 Bd7 15.
Rc1 Qb6 16. Bc3 Bf4 17. Rc2 Rac8 18. Re1 Nb4 19. Bxb4 Qxb4 20. Ree2 Ba4 21. b3
Bd7 22. Bg6 a5 23. Rxc8 Rxc8 24. Rc2 Rxc2 25. Qxc2 a4 26. Nh5 axb3 27. axb3 Nxh5
28. Bxh5 Qa3 29. g3 Qc1+ 30. Qxc1 Bxc1 31. Ne5 Bc8 32. Kf1 Bb2 33. Nf3 Bd7 34.
Ke2 Bb5+ 35. Kd2 Kf8 36. Bg6 Bf1 37. Bd3 Bg2 38. Nh4 Bh1 39. Ng6+ Kf7 40. Ke3
Bc1+ 41. Ke2 Bb2 1/2-1/2

[Event "46th Capablanca Memorial Open A"]
[Site "Havana CUB"]
[Date "2010.05.18"]
[Round "7.12"]
[White "Soppe, Guillermo"]
[Black "Gonzalez Vidal, Yuri"]
[Result "0-1"]
[WhiteTitle "IM"]
[BlackTitle "GM"]
[WhiteElo "2430"]
[BlackElo "2504"]
[WhiteFideId "100323"]
[BlackFideId "3503321"]
[EventDate "2011.05.11"]

1. Nf3 c5 2. e3 Nf6 3. d4 e6 4. Bd3 b6 5. O-O Bb7 6. b3 Be7 7. Bb2 O-O 8. Nbd2
cxd4 9. exd4 d6 10. c4 Nbd7 11. Qe2 Re8 12. Rad1 Bf8 13. Qe3 g6 14. h3 Bg7 15.
Rfe1 Qc7 16. g4 Rad8 17. Bf1 Qb8 18. g5 Nh5 19. Nh2 f5 20. gxf6 Ndxf6 21. Ng4
Qc7 22. Nf3 Ne4 23. Bd3 Nhf6 24. Nfh2 d5 25. Ne5 Qe7 26. Rc1 Qf8 27. f4 Nh5 28.
Rf1 Neg3 29. Rf2 dxc4 30. Bxc4 Ne4 31. Rf3 Nd6 32. Rf2 Nf5 33. Qd2 Nhg3 34. Re1
Ne4 35. Rxe4 Bxe4 36. Bb5 Re7 37. Nhg4 Rc7 38. Qe1 Bd5 39. Bd3 Qe7 40. Bc4 Qh4
41. Bxd5 exd5 0-1

[Event "46th Capablanca Memorial Open A"]
[Site "Havana CUB"]
[Date "2010.05.18"]
[Round "7.14"]
[White "Jimenez Fraga, Pedro Alejandro"]
[Black "Figueredo Losada, Leonel"]
[Result "1/2-1/2"]
[WhiteTitle "FM"]
[BlackTitle "FM"]
[WhiteElo "2473"]
[BlackElo "2381"]
[WhiteFideId "3508188"]
[BlackFideId "3507971"]
[EventDate "2011.05.11"]

1. e4 c5 2. Nf3 d6 3. d4 cxd4 4. Nxd4 Nf6 5. Nc3 a6 6. f4 e6 7. Be2 Be7 8. O-O
O-O 9. Be3 Nc6 10. Kh1 Qc7 11. Qe1 Nxd4 12. Bxd4 b5 13. a3 Bb7 14. Qg3 g6 15.
Bf3 Nd7 16. e5 dxe5 17. fxe5 Bc5 18. Bxc5 Nxc5 19. Rae1 Rac8 20. Qg5 Nd7 21. Re3
f6 22. exf6 Rxf6 23. Rfe1 Bxf3 24. Rxf3 Rxf3 25. gxf3 Qc6 26. Qg4 Re8 27. Qe4
Qc5 28. Qh4 Qf5 29. Qe4 Nf6 30. Qe2 Nh5 31. Ne4 Rf8 32. Rf1 Nf4 33. Qd1 Nd5 34.
Qd3 Nf4 35. Qd1 Nd5 36. Qd3 Nf4 37. Qd1 Nd5 1/2-1/2

[Event "46th Capablanca Memorial Open A"]
[Site "Havana CUB"]
[Date "2010.05.18"]
[Round "7.15"]
[White "de Francesco, Klaus"]
[Black "Guerra Mendez, Jose Angel"]
[Result "1-0"]
[WhiteTitle "FM"]
[BlackTitle "IM"]
[WhiteElo "2312"]
[BlackElo "2472"]
[WhiteFideId "4613945"]
[BlackFideId "3508129"]
[EventDate "2011.05.11"]

1. d4 Nf6 2. c4 e6 3. Nc3 Bb4 4. f3 d5 5. a3 Bxc3+ 6. bxc3 O-O 7. cxd5 exd5 8.
e3 c5 9. Bd3 b6 10. Ne2 Ba6 11. Bb1 Nc6 12. O-O Re8 13. Re1 g6 14. Ra2 Rc8 15.
Ng3 h5 16. Rf2 Rc7 17. e4 dxe4 18. Nxe4 Nxe4 19. fxe4 cxd4 20. Bf4 Rd7 21. Qa4
Bb7 22. cxd4 Rxd4 23. Qc2 Na5 24. Ba2 Bd5 25. Bxd5 Rxd5 26. Ref1 Rc5 27. Qa4 Rc4
28. Qb5 Rcxe4 29. Bc1 R8e5 30. Qb1 f5 31. Bb2 Re6 32. Qc1 Nc4 33. Ba1 Kh7 34.
Qc3 Re7 35. Rf4 Rxf4 36. Rxf4 Ne5 37. Rf1 Qd3 38. Qc8 Qd7 39. Qc3 Qe6 40. Rc1 a6
41. Kf1 f4 42. Re1 f3 43. Rxe5 fxg2+ 44. Kg1 Qxe5 45. Qxe5 Rxe5 46. Bxe5 g5 47.
Kxg2 Kg6 48. Kf3 Kf5 49. Bc7 b5 50. Ke3 h4 51. Kd4 g4 52. Kc5 Ke4 53. Kb6 Kd5
54. Kxa6 Kc4 55. Ka5 Kc5 56. Bb6+ Kc6 57. Bf2 g3 58. Bxg3 1-0

[Event "46th Capablanca Memorial Open A"]
[Site "Havana CUB"]
[Date "2010.05.18"]
[Round "7.16"]
[White "Gongora Reyes, Maikel"]
[Black "Morales Romero, Pedro"]
[Result "1/2-1/2"]
[WhiteTitle "IM"]
[BlackTitle "IM"]
[WhiteElo "2452"]
[BlackElo "2354"]
[WhiteFideId "3503208"]
[BlackFideId "3503798"]
[EventDate "2011.05.11"]

1. d4 Nf6 2. c4 g6 3. Nc3 Bg7 4. e4 O-O 5. Nf3 d6 6. h3 c5 7. d5 e6 8. Bd3 exd5
9. cxd5 b5 10. Nxb5 Nxe4 11. Bxe4 Re8 12. Qc2 f5 13. O-O fxe4 14. Ng5 a6 15. Nc3
e3 16. Ne6 Bxe6 17. dxe6 d5 18. Bxe3 d4 19. Qb3 Qc8 20. Nd5 dxe3 21. Nb6 Qc6 22.
Nxa8 Qxa8 23. Qxe3 Qd5 24. Rad1 Bd4 25. b3 Rxe6 26. Qd3 Nd7 27. Kh1 Ne5 28. Qc2
Nf7 29. Rde1 Nd6 30. Rxe6 Qxe6 31. Kh2 Kg7 32. Qd3 Ne4 33. f4 Nc3 34. Qd2 a5 35.
Re1 Qd5 36. Re7+ Kf6 37. Qe1 h6 38. Rh7 Qd6 39. Qh4+ Kf5 40. Qg4+ Ke4 41. Qf3+
Kf5 42. Qg4+ Ke4 43. Qf3+ Kf5 44. g3 Kf6 45. h4 Qd5 46. Qxd5 Nxd5 47. Ra7 Bc3
48. Kg2 h5 49. Kf3 Be1 50. Ra8 Bb4 51. a3 Bxa3 52. Rxa5 Bb4 53. Ra8 Ne7 54. g4
hxg4+ 55. Kxg4 Bd2 56. Ra6+ Kf7 57. Rd6 Bc1 58. Kg5 Kg7 59. Re6 Kf7 60. Rf6+ Kg7
61. Re6 Kf7 62. Re5 Ba3 63. h5 gxh5 64. Kxh5 Kf6 65. Kg4 Nc6 66. Rh5 Nd4 67.
Rh6+ Kg7 68. Rh3 Kg6 69. Re3 Kf6 70. Rh3 Kg6 71. Rc3 Bb4 72. Re3 Kf6 73. f5 Bd2
74. Rd3 Bb4 75. Re3 Bd2 76. Rd3 Bb4 1/2-1/2

[Event "46th Capablanca Memorial Open A"]
[Site "Havana CUB"]
[Date "2010.05.18"]
[Round "7.17"]
[White "Rodriguez Garcia, Victor"]
[Black "Obregon Rivero, Juan Carlos"]
[Result "1/2-1/2"]
[WhiteTitle "FM"]
[BlackTitle "FM"]
[WhiteElo "2331"]
[BlackElo "2445"]
[WhiteFideId "3506320"]
[BlackFideId "3507815"]
[EventDate "2011.05.11"]

1. e4 c5 2. Nf3 Nc6 3. Bb5 a6 4. Bxc6 dxc6 5. d3 Qc7 6. h3 e5 7. Be3 Be6 8. Nbd2
f6 9. Qe2 Bd6 10. Nc4 Ne7 11. Nfd2 O-O 12. f3 a5 13. Qf2 b6 14. O-O g5 15. a3 a4
16. h4 h6 17. h5 f5 18. exf5 Nxf5 19. Nxd6 Qxd6 20. Ne4 Qc7 21. Bd2 Rae8 22. Bc3
Ng7 23. Rae1 Bd5 24. Qg3 Rf4 25. Nxg5 hxg5 26. h6 Rf5 27. hxg7 Qxg7 28. Re3 g4
29. f4 Qg6 30. Rxe5 Rexe5 31. Bxe5 b5 32. Re1 Qh5 33. Bc3 c4 34. dxc4 Bxc4 35.
Re8+ Rf8 36. Re5 Rf5 37. Re8+ Rf8 38. Re5 Rf5 39. Re3 Rf7 40. Re1 Qc5+ 1/2-1/2

[Event "46th Capablanca Memorial Open A"]
[Site "Havana CUB"]
[Date "2010.05.18"]
[Round "7.18"]
[White "Ynojosa, Felix Jose"]
[Black "Perez Garcia, Rodney"]
[Result "1/2-1/2"]
[BlackTitle "IM"]
[WhiteElo "2255"]
[BlackElo "2440"]
[WhiteFideId "3900258"]
[BlackFideId "3500918"]
[EventDate "2011.05.11"]

1. e4 e5 2. Bc4 Nf6 3. d3 c6 4. Nf3 d5 5. Bb3 Bd6 6. Nc3 dxe4 7. Ng5 O-O 8.
Ngxe4 Nxe4 9. Nxe4 Bf5 10. Nxd6 Qxd6 11. O-O Nd7 1/2-1/2

[Event "46th Capablanca Memorial Open A"]
[Site "Havana CUB"]
[Date "2010.05.18"]
[Round "7.19"]
[White "Linares Napoles, Oleiny"]
[Black "Rasmussen, Karsten"]
[Result "1-0"]
[WhiteTitle "WGM"]
[BlackTitle "IM"]
[WhiteElo "2319"]
[BlackElo "2434"]
[WhiteFideId "3504794"]
[BlackFideId "1400088"]
[EventDate "2011.05.11"]

1. e4 c6 2. d4 d5 3. exd5 cxd5 4. c4 Nf6 5. Nc3 e6 6. Nf3 Be7 7. cxd5 Nxd5 8.
Bd3 Nc6 9. a3 O-O 10. O-O Bf6 11. Bc2 Nce7 12. Qd3 Ng6 13. Ne4 b6 14. Nfg5 h6
15. Nxf6+ Qxf6 16. Ne4 Qe7 17. Bd2 Bb7 18. Rae1 a5 19. Nc3 Nxc3 20. bxc3 Ba6 21.
c4 Rac8 22. Bb3 Qxa3 23. Ra1 Qd6 24. Rfc1 Rfd8 25. Be3 Ne7 26. Qe4 Qc7 27. d5
Bb7 28. Qg4 f5 29. Qd4 exd5 30. cxd5 Qd6 31. Bf4 Rxc1+ 32. Rxc1 Qg6 33. d6+ Kh7
34. Bg3 Nc8 35. d7 Ne7 36. Ba4 Nd5 37. f3 Qf7 38. Bc7 Rxd7 39. Bxd7 Qxd7 40.
Bxb6 Qb5 41. Bc5 Qe2 42. Qf2 Qe6 43. Bd4 Qg6 44. Qg3 Qxg3 45. hxg3 a4 46. Rc5 f4
47. gxf4 Nxf4 48. Bxg7 Bxf3 49. gxf3 Kxg7 50. Ra5 Ne2+ 51. Kf2 Nc3 52. Ke3 Kf6
53. Kd2 Nb1+ 54. Kc2 Na3+ 55. Kd3 Kg6 56. Rxa4 Nb5 57. Rc4 h5 58. Rc5 Na3 59.
Ra5 Nb1 60. Ra1 1-0

[Event "46th Capablanca Memorial Open A"]
[Site "Havana CUB"]
[Date "2010.05.18"]
[Round "7.20"]
[White "Prasca Sosa, Rafael"]
[Black "Mendez Fortes, Eduardo Jesus"]
[Result "1-0"]
[WhiteTitle "IM"]
[BlackTitle "FM"]
[WhiteElo "2424"]
[BlackElo "2316"]
[WhiteFideId "3900819"]
[BlackFideId "3502376"]
[EventDate "2011.05.11"]

1. e4 c5 2. Nf3 d6 3. d4 cxd4 4. Qxd4 a6 5. Be3 Nc6 6. Qd2 Nf6 7. Nc3 e6 8.
O-O-O Qc7 9. Bf4 Ne5 10. Nxe5 dxe5 11. Bxe5 Qa5 12. Bd6 Bxd6 13. Qxd6 Nd7 14.
Be2 Qb6 15. f4 Qxd6 16. Rxd6 Ke7 17. Rhd1 b5 18. e5 Ra7 19. a4 b4 20. Ne4 h6 21.
Rc6 Nb8 22. Rb6 Rb7 23. Rdd6 a5 24. Nc5 Rc7 25. Rxb8 Rxc5 26. Bb5 g5 27. fxg5
hxg5 28. Rc6 Rxe5 29. Rc7+ Kf6 30. Rbxc8 Rxh2 31. Rf8 Rxg2 32. Rcxf7+ Kg6 33.
Rf2 Rxf2 34. Rxf2 Re1+ 35. Kd2 Rb1 36. Bd7 e5 37. Bf5+ Kg7 38. b3 Rh1 39. Be4
Rh4 40. Kd3 g4 41. Rf5 Kh6 42. Rxe5 g3 43. Ke3 1-0

[Event "46th Capablanca Memorial Open A"]
[Site "Havana CUB"]
[Date "2010.05.18"]
[Round "7.21"]
[White "Davila, Carlos"]
[Black "Wohl, Aleksandar H."]
[Result "1/2-1/2"]
[WhiteTitle "IM"]
[BlackTitle "IM"]
[WhiteElo "2307"]
[BlackElo "2411"]
[WhiteFideId "6100040"]
[BlackFideId "3200345"]
[EventDate "2011.05.11"]

1. e4 g6 2. d4 Bg7 3. c3 d6 4. Bg5 Nf6 5. Nd2 e5 6. dxe5 dxe5 7. Ngf3 Nbd7 8.
Qc2 h6 9. Bh4 O-O 10. Be2 Qe8 11. O-O Nh5 12. Rfe1 Nf4 13. Bf1 a5 14. a4 Nc5 15.
b4 axb4 16. cxb4 Nce6 17. h3 g5 18. Bg3 Qe7 19. b5 h5 20. Nc4 g4 21. hxg4 hxg4
22. Nfxe5 Qg5 23. Nd3 Bxa1 24. Rxa1 Nh5 25. Bh2 g3 26. fxg3 Nf6 27. Nde5 b6 28.
g4 Bb7 29. Bd3 Rad8 30. Rf1 Nc5 31. Nf3 Qg7 32. Ne3 Nxg4 33. Nxg4 Qxg4 34. Ne5
Qh4 35. Bc4 Qxe4 36. Qxe4 Bxe4 37. Nxf7 Rd4 38. Nh6+ Kh7 39. Rxf8 Rxc4 40. Ng4
Rc1+ 1/2-1/2

[Event "46th Capablanca Memorial Open A"]
[Site "Havana CUB"]
[Date "2010.05.18"]
[Round "7.22"]
[White "Osorio, Fernando"]
[Black "Borges Feria, Yasel"]
[Result "0-1"]
[BlackTitle "FM"]
[WhiteElo "2208"]
[BlackElo "2406"]
[WhiteFideId "3901114"]
[BlackFideId "3504921"]
[EventDate "2011.05.11"]

1. e4 c5 2. Nc3 Nc6 3. g3 g6 4. Bg2 Bg7 5. d3 d6 6. Be3 Nf6 7. h3 e5 8. Qd2 Be6
9. Bh6 Bxh6 10. Qxh6 Nd4 11. O-O-O b5 12. f4 b4 13. Nd5 Bxd5 14. exd5 Nf5 0-1

[Event "46th Capablanca Memorial Open A"]
[Site "Havana CUB"]
[Date "2010.05.18"]
[Round "7.23"]
[White "Quesada Perez, Yasser"]
[Black "Calvo Quinteiro, Jose Manuel"]
[Result "1/2-1/2"]
[WhiteTitle "FM"]
[WhiteElo "2401"]
[BlackElo "2247"]
[WhiteFideId "3509362"]
[BlackFideId "3505154"]
[EventDate "2011.05.11"]

1. e4 e6 2. d4 d5 3. Nd2 c5 4. exd5 Qxd5 5. Ngf3 cxd4 6. Bc4 Qd6 7. O-O Nf6 8.
Nb3 Nc6 9. Nbxd4 Nxd4 10. Nxd4 a6 11. c3 Bd7 12. Qe2 Qc7 13. Bg5 Bd6 14. h3 O-O
15. Rfe1 Bf4 16. h4 h6 17. Bxf6 gxf6 18. Bd3 f5 19. Qh5 Kg7 20. Rad1 Rad8 21.
Bc2 Rfe8 22. Bb3 Bc8 23. Re2 Be5 24. Rd3 Rg8 25. Rde3 Bf6 26. Bc2 Qf4 27. g3 Qg4
28. Qxg4+ fxg4 29. Nb3 b6 30. Be4 Rd1+ 31. Re1 Rgd8 32. Bc2 Rxe1+ 33. Rxe1 a5
34. Rd1 Rxd1+ 35. Bxd1 h5 36. Kf1 Be5 37. Nd4 f5 38. Ne2 1/2-1/2

[Event "46th Capablanca Memorial Open A"]
[Site "Havana CUB"]
[Date "2010.05.18"]
[Round "7.25"]
[White "Fernandez Hernandez, Arturo A."]
[Black "Fernandez Cardoso, Alexey"]
[Result "0-1"]
[WhiteTitle "FM"]
[BlackTitle "FM"]
[WhiteElo "2265"]
[BlackElo "2473"]
[WhiteFideId "3509230"]
[BlackFideId "3504379"]
[EventDate "2011.05.11"]

1. e4 c5 2. Nc3 a6 3. g3 b5 4. Bg2 Bb7 5. Nge2 b4 6. Nd5 e6 7. Ne3 Nf6 8. d3 d5
9. exd5 Nxd5 10. Nxd5 Bxd5 11. Bxd5 Qxd5 12. O-O Nc6 13. Nf4 Qd7 14. Nh5 f6 15.
Re1 e5 16. a3 bxa3 17. Rxa3 Kf7 18. Qf3 Be7 19. Be3 Nb4 20. Rb3 Rab8 21. Re2 Qd5
22. Qg4 g6 23. c4 Qc6 24. Bh6 Rhg8 25. f4 f5 26. Qh3 Qf3 27. Rxe5 Qxh5 28. Qf1
Bf6 29. Re1 Qxh6 30. Qg2 Bd4+ 31. Kh1 Rge8 32. Ra1 Qh5 33. Rxb4 Rxb4 34. Qd5+
Kg7 35. Qd7+ Kh6 0-1

[Event "46th Capablanca Memorial Open A"]
[Site "Havana CUB"]
[Date "2010.05.18"]
[Round "7.26"]
[White "Illas Pueyo, Leonardo"]
[Black "Leyva Rivera, Yunier"]
[Result "1/2-1/2"]
[WhiteTitle "FM"]
[BlackTitle "FM"]
[WhiteElo "2310"]
[BlackElo "2382"]
[WhiteFideId "3504212"]
[BlackFideId "3505065"]
[EventDate "2011.05.11"]

1. e4 e5 2. Nf3 Nc6 3. Bb5 Nge7 4. O-O g6 5. d4 exd4 6. Nxd4 Bg7 7. Be3 O-O 8.
Nc3 d5 9. Nxd5 Nxd5 10. exd5 Nxd4 11. Bxd4 Qxd5 12. Bxg7 Qxd1 1/2-1/2

[Event "46th Capablanca Memorial Open A"]
[Site "Havana CUB"]
[Date "2010.05.18"]
[Round "7.27"]
[White "Diaz Hernandez, Heriberto"]
[Black "Vega Chirino, Lemay"]
[Result "0-1"]
[WhiteTitle "FM"]
[BlackTitle "FM"]
[WhiteElo "2300"]
[BlackElo "2356"]
[WhiteFideId "3508498"]
[BlackFideId "3502252"]
[EventDate "2011.05.11"]

1. e4 c5 2. c3 d5 3. exd5 Qxd5 4. d4 Nf6 5. Nf3 Bg4 6. Be2 e6 7. h3 Bh5 8. Be3
cxd4 9. cxd4 Be7 10. Nc3 Qd6 11. Qd2 O-O 12. O-O Nc6 13. Bf4 Qd8 14. Rfd1 Nb4
15. Rac1 a6 16. Be5 Rc8 17. Bxf6 Bxf6 18. Ne4 Be7 19. a3 Nd5 20. Rxc8 Qxc8 21.
Rc1 Qb8 22. Ne5 Bxe2 23. Qxe2 Qd8 24. Nc5 Nf4 25. Qe4 Bxc5 26. dxc5 Nxh3+ 27.
Kf1 Nxf2 28. Qe3 Qf6 29. Nd7 Qf5 30. Qf3 Qg5 31. Re1 Ng4 32. Kg1 Rd8 33. Qxb7
Qd2 34. Qe4 Rxd7 35. c6 Rc7 36. Re2 Qc1+ 37. Re1 Qc5+ 0-1

[Event "46th Capablanca Memorial Open A"]
[Site "Havana CUB"]
[Date "2010.05.18"]
[Round "7.28"]
[White "Ordaz Valdes, Lisandra Teresa"]
[Black "Espinoza Palomino, Willyam"]
[Result "1/2-1/2"]
[WhiteTitle "WIM"]
[BlackTitle "FM"]
[WhiteElo "2348"]
[BlackElo "2295"]
[WhiteFideId "3506940"]
[BlackFideId "3804852"]
[EventDate "2011.05.11"]

1. d4 Nf6 2. Nf3 e6 3. e3 b6 4. c4 Bb7 5. Bd3 Ne4 6. O-O f5 7. Nfd2 Qh4 8. Nxe4
fxe4 9. Bc2 d5 10. g3 Qh3 11. f3 Bd6 12. fxe4 dxe4 13. Nc3 Nd7 14. Qe2 Nf6 15.
c5 bxc5 16. dxc5 Be5 17. Qb5+ c6 18. Qxb7 O-O 19. Rxf6 Rxf6 20. Qxa8+ Rf8 21.
Qxf8+ Kxf8 22. Nxe4 Qg4 23. Bd2 Kg8 24. Rf1 h5 25. Kg2 h4 26. b3 h3+ 27. Kg1 Qh5
28. Bd1 Qg6 1/2-1/2

[Event "46th Capablanca Memorial Open A"]
[Site "Havana CUB"]
[Date "2010.05.18"]
[Round "7.29"]
[White "Martinez Lopez, Ivan"]
[Black "Yanes Canizares, Alejandro"]
[Result "1-0"]
[WhiteElo "2287"]
[BlackElo "2330"]
[WhiteFideId "2219409"]
[BlackFideId "3506134"]
[EventDate "2011.05.11"]

1. c4 e5 2. g3 Nc6 3. Bg2 f5 4. Nc3 Nf6 5. e3 Bb4 6. Nge2 Bxc3 7. Nxc3 d6 8. O-O
Be6 9. Nd5 O-O 10. d4 exd4 11. exd4 Bxd5 12. cxd5 Ne7 13. Qb3 Rb8 14. Bg5 h6 15.
Bxf6 Rxf6 16. f4 Kh8 17. Rac1 Rf7 18. Rc3 Ng8 19. Rfc1 Nf6 20. Qc2 Ne8 21. Qa4
a6 22. Re3 g5 23. Re6 Kh7 24. fxg5 Qxg5 25. Rf1 Ng7 26. Re2 Rbf8 27. Qb3 Qg4 28.
Qd3 Kg8 29. Rf4 Qg5 30. Bf3 Re7 31. Rxe7 Qxe7 32. Qe2 Qg5 33. Kf2 Re8 34. Qd2
Re7 35. Qd3 Rf7 36. b4 Re7 37. a4 Rf7 38. a5 Re7 39. h4 Qg6 40. b5 axb5 41. Qxb5
Nh5 42. Bxh5 Qxh5 43. Qd3 Rf7 44. Qb1 Re7 45. Rf3 Qg4 46. Qxf5 Qxd4+ 47. Kg2 Rg7
48. Qe6+ Kh7 49. Rf6 Qd2+ 50. Kh3 1-0

[Event "46th Capablanca Memorial Open A"]
[Site "Havana CUB"]
[Date "2010.05.18"]
[Round "7.31"]
[White "Estrada Nieto, Julian"]
[Black "Castillo Coca, Mayrebis"]
[Result "1/2-1/2"]
[WhiteTitle "IM"]
[BlackTitle "WFM"]
[WhiteElo "2316"]
[BlackElo "2087"]
[WhiteFideId "5101018"]
[BlackFideId "3511910"]
[EventDate "2011.05.11"]

1. e4 c5 2. Nf3 e6 3. c3 Nf6 4. e5 Nd5 5. Bc4 b6 6. O-O Bb7 7. d4 cxd4 8. Nxd4
Qc7 9. Qe2 a6 10. Rd1 Nc6 11. Nxc6 Qxc6 12. Bxd5 exd5 13. Rd4 Be7 14. Nd2 O-O
15. Nf3 Rfe8 16. Bf4 d6 17. Qd2 dxe5 18. Bxe5 f6 19. Bf4 Bc5 20. Rd3 Re4 21. Nd4
Bxd4 22. Rxd4 Rae8 23. Be3 Rxd4 24. Qxd4 b5 25. f3 Qc4 26. Kf2 Qxd4 27. Bxd4 Kf7
28. g4 h5 29. h3 hxg4 30. hxg4 Rh8 31. Kg3 Re8 32. Kf2 Rh8 33. Kg3 Re8 1/2-1/2